000 01638nam a2200313Ia 4500
999 _c56144
_d56144
001 23245
003 GE_BSU
005 20251110181645.0
008 181216s1948||||ge |||||||||||||| ||geo||
040 _cGE_BSU
041 _ageo
080 _a821.353.1-32 + 030=353.1 + 94(479.22)"18"(093.3) + 910.4(479.22) + 910.4(470) + 27-36(479.22) ი-70
100 _aიოანე, ბატონიშვილი
_926194
245 _aკალმასობა. ტ. 2 /
_cიოანე ბატონიშვილი ; კ. კეკელიძის და ალ. ბარამიძის რედ. და წინასიტყვ.
260 _c1948
264 _aტფილისი :
_bსახელგამი,
_c1948.
300 _a254 გვ. ;
_c 23 სმ.
541 _h2ლ. 40თ.
653 _aკალმასობა. ტ. 2
653 _aსაქართველოს ისტორია
653 _aქართველი წმინდანები
653 _aმოგზაურობა საქართველოში
653 _aმოგზაურობა რუსეთში
653 _aსაქართველოს ახალი ისტორია
653 _aქართველი წმინდანები
700 _aკეკელიძე, კ.
_eრედაქტორი, წინასიტყვაობის ავტორი
_93519
700 _aბარამიძე, ალ.
_eრედაქტორი, წინასიტყვაობის ავტორი
_926195
942 _cBK
_2udc